Formuła 1 2024 - siedziby zespołów - Statystyki

Ogólne statystyki
  • Ten quiz został rozwiązany 252 razy
  • Średni wynik to 5 z 10
Statystyki odpowiedzi
Zespół Siedziba % Poprawnych
Ferrari Maranello
86%
Aston Martin Silverstone
70%
McLaren Woking
52%
Red Bull Milton Keynes
50%
Mercedes Brackley
47%
RB Faenza
43%
Alpine Enstone
35%
Sauber Hinwil
32%
Williams Grove
25%
Haas Kannapolis
14%
Nie znaleziono quizów pasujących do podanych kryteriów
Rozkład punktacji
Procent ludzi z każdym wynikiem
Percentyl według liczby udzielonych odpowiedzi
Twoja historia wyników
Nie rozwiązałeś tego quizu